Monuments par avis Google Maps 1 étoile - Click Quiz - Statistiques

Statistiques générales
  • Ce quiz a été pris 157 fois
  • Le résultat moyen est 10 sur 15
Statistiques - réponses
Hint Réponse % Correct
"Trop de protection pour un seul monument. Trop de monde, trop de queue.
5h d'attente pour finalement ne pas monter.
Des prix exorbitants, même si c'est paris, faut ps abuser quand même. C'est comme ça qu'on voit que les parisiens sont déconnectés."
Tour Eiffel
88%
"J'ai préféré le film Gladiator yavais pas de sable ni de lion ni même de combat le ticket full expérience ne contient que du full dans ton parce que full ça veut dire tu as accès a rien bref une déception allez voir le film Gladiator c'est mieux et surtout plus économique bisous" Colisée
87%
Beaucoup d'argent pour une ambiance nulle. Débordement. Salutations d'Instagram. Vous pouvez investir votre argent de manière plus judicieuse et il existe d'autres sites incas qui ne sont pas aussi exploités où vous pourrez également profiter de ce que vous avez vu. Machu Picchu
83%
"je vous interdit d'y aller" Cité Interdite
77%
"Tu ne peux même pas prendre de photos et c'est tout
Tous les autres musées de Madrid sont possibles, on pense que ce sont ceux-là qui savent qui"
Musée du Prado
74%
"Nous avons fait les étages 124 et 125. Rien d'exceptionnel pour AED 264. Nous y sommes allés pour le coucher de soleil. La redescente a été un cauchemar : 1h07 de queue. Des mamans etaient assises par terre aves leur jeunes enfants qui dormaient. Heureusement qu'ils ont des ascenseurs sont ultra rapides sinon on aurait passé la nuit là haut. En conclusion, bien trop cher pour ce que c'est. A éviter sauf si vous avez de l'argent et du temps à perdre !" Burj Khalifa
72%
"Vraiment déçu, trop de monde par capsules et la vue n'est pas si dingue !
Pour le prix, faites vous plutôt un bon restaurant !
A la fin, nous n'avions qu'une hâte, c'est que cela ce termine."
London Eye
66%
"Le parking est monstre choupi, dommage qu'il soit construit sur un territoire sacré amérindien. Depuis ma dernière visite les chats de ma famille meurt atrocement demembrés et ma fille dit que c'est pas elle.
Le grand monsieur à gauche à une crotte de nez."
Mont Rushmore
61%
"Fermée au public après plus d une heure de queue au vieux port pour prendre le train!" Basilique Notre-Dame de la Garde
60%
Monument très abîmé par le temps... Les mosaïques, principal intérêt d'une basilique byzantine, sont désormais totalement cachées après la reconversion du lieu. Plus aucun intérêt d'y venir admirer les chef d'œuvres anciens. Dommage Sainte Sophie
52%
Site magnifique mais bof trop mal organisé et indiqué
Les tickets ne sont pas clairs dans le sens où le palais nasride semble inaccessible avec certains tickets
Alhambra
50%
"T'arrives en haut dans un ascenseur non vitré pour voir une ville étendue en agglomérations non structurelles avec un centre-ville morne et sans définition. [...]" Tour du CN
50%
Le prix d'entrée le plus élevé était de 1 000 roubles (environ 2 000 ¥) jusqu'au 31 août.
L'extérieur est magnifique, mais à l'intérieur... c'est trop fatigué, l'atmosphère est fade et il n'y a rien que je veuille voir, alors j'aurais aimé ne pas entrer.
C'est quelque chose à regarder.
Cathédrale Basile-le-Bienheureux
47%
Franchement pas très fameux tu paie 20 euros pour rentrer voir des pierres 😅 Parthénon
44%
"Grande icône culturelle, mais lieu de travail le plus toxique en coulisses. 17 ans là-bas, trop de personnes blessées et exclues du marché du travail. Pressions pour travailler avec des blessures, laissant les gens dans un délabrement permanent.

Une vraie honte"
Opéra de Sydney
43%
Aucun quiz correspondant
Distribution des résultats
% des personnes avec chaque résultat
Percentile par nombre de réponses
Votre historique - résultats
Vous n’avez pas pris ce quiz